[Event "Bhubaneswar op-A 14th"]
[Site "Bhubaneswar"]
[Date "2023.06.16"]
[Round "8"]
[White "Wankhade, Sanskruti"]
[Black "Tanmay, Rajbongshi"]
[Result "1/2-1/2"]
[WhiteElo "1591"]
[BlackElo "1750"]
[PlyCount "94"]
[EventDate "2023.06.11"]
[EventType "swiss"]
[EventRounds "10"]
[EventCountry "IND"]
[SourceTitle "CBM 214 Extra"]
[Source "ChessBase"]
[SourceDate "2023.07.31"]
[SourceVersion "1"]
[SourceVersionDate "2023.07.31"]
[SourceQuality "1"]

1. d4 Nf6 2. c4 e6 3. Nc3 d5 4. cxd5 exd5 5. Bg5 Be7 6. e3 0-0 7. Bd3 c6 8. Qc2 h6 9. Bh4 Re8 10. Nf3 Be6 11. 0-0 Nbd7 12. Rab1 a5 13. a3 b5 14. a4 b4 15. Ne2 Qb6 16. b3 Bd6 17. Bg3 Bxg3 18. Nxg3 Rac8 19. Rfc1 c5 20. Qe2 Bg4 21. dxc5 Nxc5 22. Bb5 Re7 23. h3 Bxf3 24. Qxf3 g6 25. Rc2 Rec7 26. Qf4 Kg7 27. Qd4 Qe6 28. Qd1 Nce4 29. Rxc7 Rxc7 30. Nxe4 Nxe4 31. Qd4+ Kh7 32. Qb2 Nc3 33. Rc1 Qf6 34. Rf1 d4 35. Qd2 Nxb5 36. axb5 Rd7 37. exd4 Rxd4 38. Qa2 Qb6 39. Qe2 Rd5 40. Rc1 Rxb5 41. Qe8 Rf5 42. Rc8 Qxf2+ 43. Kh2 Qf4+ 44. Kh1 Qf1+ 45. Kh2 Qf4+ 46. Kh1 Qf1+ 47. Kh2 Qf4+ 1/2-1/2

[Event "Eastern Asia-ch U10"]
[Site "Tornelo INT"]
[Date "2021.10.30"]
[Round "4"]
[White "Tanmay, Rajbongshi"]
[Black "Aman, George Thomas"]
[Result "1/2-1/2"]
[WhiteElo "1366"]
[BlackElo "1127"]
[PlyCount "126"]
[EventDate "2021.10.29"]
[EventType "swiss"]
[EventRounds "9"]
[EventCountry "NET"]
[SourceTitle "EXT 2023"]
[Source "ChessBase"]
[SourceDate "2022.10.05"]
[SourceVersion "1"]
[SourceVersionDate "2022.10.05"]
[SourceQuality "1"]

1. e4 e5 2. Nf3 Nc6 3. Bc4 Bc5 4. c3 Nf6 5. d4 exd4 6. e5 d5 7. Bb5 Ne4 8. cxd4 Bb6 9. Nc3 Nxc3 10. bxc3 0-0 11. 0-0 Bg4 12. h3 Bh5 13. Be2 Bg6 14. Bg5 Qd7 15. Nh4 Bf5 16. Nxf5 Qxf5 17. Qd2 h6 18. Be3 Qg6 19. f4 f5 20. c4 Ba5 21. Qc2 Ne7 22. cxd5 Nxd5 23. Bc4 Qc6 24. Qb3 Rad8 25. Rab1 Bb6 26. Rbd1 Kh8 27. Bc1 a6 28. Kh1 Ba7 29. Rfe1 b5 30. Bxd5 Qxd5 31. Qxd5 Rxd5 32. Bb2 Rfd8 33. e6 Re8 34. g4 fxg4 35. hxg4 c5 36. dxc5 Rxd1 37. Rxd1 Rxe6 38. Bxg7+ Kxg7 39. Rd7+ Kf6 40. Rxa7 Rc6 41. Kg2 Rxc5 42. Rxa6+ Kg7 43. Kg3 Rc1 44. Rb6 Ra1 45. Rxb5 Rxa2 46. Rb6 Ra1 47. Rb3 Rg1+ 48. Kf3 Rh1 49. Ke4 Ra1 50. Rb5 Rf1 51. Kf5 Rf2 52. Rb7+ Kf8 53. Ke5 Rf1 54. f5 Kg8 55. Kf6 Rf4 56. g5 hxg5 57. Kg6 Kf8 58. f6 Ke8 59. Rb8+ Kd7 60. f7 Ke7 61. Kg7 Rxf7+ 62. Kg6 Rf1 63. Kxg5 Kd7 1/2-1/2

[Event "Eastern Asia-ch U10"]
[Site "Tornelo INT"]
[Date "2021.10.29"]
[Round "3"]
[White "Nguyen, Hai Khanh"]
[Black "Tanmay, Rajbongshi"]
[Result "0-1"]
[WhiteElo "1095"]
[BlackElo "1366"]
[PlyCount "84"]
[EventDate "2021.10.29"]
[EventType "swiss"]
[EventRounds "9"]
[EventCountry "NET"]
[SourceTitle "EXT 2023"]
[Source "ChessBase"]
[SourceDate "2022.10.05"]
[SourceVersion "1"]
[SourceVersionDate "2022.10.05"]
[SourceQuality "1"]

1. c4 c5 2. Nc3 Nc6 3. e4 g6 4. g3 Bg7 5. Bg2 d6 6. Nge2 Nd4 7. 0-0 Nf6 8. d3 0-0 9. f4 Rb8 10. Nxd4 cxd4 11. Nd5 e6 12. Nxf6+ Qxf6 13. e5 Qd8 14. Qe2 b5 15. cxb5 Rxb5 16. exd6 Qxd6 17. b3 Ba6 18. Bb2 Rc8 19. Rac1 Rbb8 20. Qd2 Qb6 21. Rfd1 Rc3 22. Bf1 Rbc8 23. Qf2 Qb4 24. Bxc3 dxc3 25. Qc2 Rd8 26. Rb1 Qb7 27. Bg2 Qd7 28. Bf1 Qd5 29. Qg2 Qxg2+ 30. Kxg2 c2 31. Rbc1 cxd1R 32. Rxd1 Rc8 33. Rd2 Bd4 34. Kf3 Bb7+ 35. Ke2 Rc1 36. a3 Ra1 37. a4 Rb1 38. Ra2 Rxb3 39. Kd2 a5 40. Kc2 Rb6 41. Be2 Bd5 42. Ra3 Bb2 0-1